000 00208 a2200097 4500
001 18551
100 _aManzari, M.A
245 _aTajreeda Sahi Muslmi
260 _a
_bAshahat Manzil
_c
090 _c13781
_d13781
942 _aNUST-CAE
_cM
_c4204
999 _c253624
_d253624